| 000 | 00550cam a22002053a 4500 | ||
|---|---|---|---|
| 001 | 44164 | ||
| 003 | PGUSA | ||
| 005 | 20140828084015.0 | ||
| 008 | 131112s2013||||xxu|||||s|||||000 | eng d | ||
| 040 |
_aPGUSA _beng |
||
| 042 | _adc | ||
| 100 | 1 | _aMasten, V. M. | |
| 245 | 1 | 0 |
_aCriminal Types _h[electronic resource] / _cV. M. Masten |
| 260 |
_bProject Gutenberg, _c2013 |
||
| 506 | _aPublic domain in the USA. | ||
| 516 | _aElectronic text | ||
| 830 | 0 |
_aProject Gutenberg _v44164 |
|
| 856 | 4 | 0 | _uhttp://www.gutenberg.org/ebooks/44164 |
| 942 | _cEB | ||
| 999 |
_c273415 _d273415 |
||